<?xml version="1.0" encoding="UTF-8"?>
<record
    xmlns:xsi="http://www.w3.org/2001/XMLSchema-instance"
    xsi:schemaLocation="http://www.loc.gov/MARC21/slim http://www.loc.gov/standards/marcxml/schema/MARC21slim.xsd"
    xmlns="http://www.loc.gov/MARC21/slim">

  <leader>01288nas a2200289 454500</leader>
  <controlfield tag="001">26226</controlfield>
  <controlfield tag="005">20260407193507.0</controlfield>
  <controlfield tag="008">260407s1988####ag###########|||spa#d</controlfield>
  <controlfield tag="003">AR-UNSa-BCEJYS</controlfield>
  <datafield tag="040" ind1=" " ind2=" ">
    <subfield code="a">AR-UNSa-BCEJYS</subfield>
    <subfield code="b">spa</subfield>
    <subfield code="c">AR-UNSa-BCEJYS</subfield>
  </datafield>
  <datafield tag="080" ind1=" " ind2=" ">
    <subfield code="a">330</subfield>
    <subfield code="x">Econom&#xED;a en general</subfield>
  </datafield>
  <datafield tag="245" ind1="1" ind2="0">
    <subfield code="a">Journal of post Keynesian economics</subfield>
  </datafield>
  <datafield tag="022" ind1=" " ind2=" ">
    <subfield code="a">0160-3477</subfield>
  </datafield>
  <datafield tag="264" ind1=" " ind2="1">
    <subfield code="a">New York :</subfield>
    <subfield code="b">M.E. Sharpe, Inc.</subfield>
    <subfield code="c">1988</subfield>
  </datafield>
  <datafield tag="310" ind1=" " ind2=" ">
    <subfield code="a">Frecuencia: Trimestral</subfield>
  </datafield>
  <datafield tag="520" ind1=" " ind2=" ">
    <subfield code="a">s una revista acad&#xE9;mica de innovadores trabajos te&#xF3;ricos y emp&#xED;ricos que arroja nueva luz sobre los problemas econ&#xF3;micos contempor&#xE1;neos. Est&#xE1; comprometida con el principio de que el desarrollo acumulativo de la teor&#xED;a econ&#xF3;mica s&#xF3;lo es posible cuando la teor&#xED;a se somete continuamente a escrutinio en t&#xE9;rminos de su capacidad tanto para explicar el mundo real y proporcionar una gu&#xED;a fiable para la pol&#xED;tica p&#xFA;blica.</subfield>
  </datafield>
  <datafield tag="942" ind1=" " ind2=" ">
    <subfield code="c">SER</subfield>
  </datafield>
  <datafield tag="590" ind1=" " ind2=" ">
    <subfield code="a">niveau_biblio:s niveau_hierar:1</subfield>
  </datafield>
  <datafield tag="100" ind1="1" ind2=" ">
    <subfield code="a">Sharpe, Myron E.</subfield>
  </datafield>
  <datafield tag="650" ind1=" " ind2=" ">
    <subfield code="a">Gesti&#xF3;n</subfield>
  </datafield>
  <datafield tag="650" ind1=" " ind2=" ">
    <subfield code="a">Microeconom&#xED;a</subfield>
  </datafield>
  <datafield tag="650" ind1=" " ind2=" ">
    <subfield code="a">Moneda</subfield>
  </datafield>
  <datafield tag="650" ind1=" " ind2=" ">
    <subfield code="a">Econometr&#xED;a</subfield>
  </datafield>
  <datafield tag="650" ind1=" " ind2=" ">
    <subfield code="a">Macroeconom&#xED;a</subfield>
  </datafield>
  <datafield tag="650" ind1=" " ind2=" ">
    <subfield code="a">ECONOMIA</subfield>
  </datafield>
  <datafield tag="856" ind1="4" ind2="1">
    <subfield code="u">https://biblioeco.unsa.edu.ar/pmb/images/revistas/Journal of post Keynesian economics.jpg</subfield>
    <subfield code="y">Imagen de portada</subfield>
    <subfield code="q">image/jpeg</subfield>
  </datafield>
  <datafield tag="999" ind1=" " ind2=" ">
    <subfield code="c">8600</subfield>
    <subfield code="d">8600</subfield>
  </datafield>
  <datafield tag="952" ind1=" " ind2=" ">
    <subfield code="0">0</subfield>
    <subfield code="1">0</subfield>
    <subfield code="4">0</subfield>
    <subfield code="7">0</subfield>
    <subfield code="a">BCEJYS</subfield>
    <subfield code="b">BCEJYS</subfield>
    <subfield code="c">13</subfield>
    <subfield code="d">2000-06-21</subfield>
    <subfield code="h">Vol. 22, N&#xBA; 4 - jun. 2000</subfield>
    <subfield code="l">0</subfield>
    <subfield code="o">H330 KEY v22.n4</subfield>
    <subfield code="p">R21447</subfield>
    <subfield code="r">2026-04-10 16:08:27</subfield>
    <subfield code="w">2026-04-10</subfield>
    <subfield code="y">RN</subfield>
  </datafield>
  <datafield tag="952" ind1=" " ind2=" ">
    <subfield code="0">0</subfield>
    <subfield code="1">0</subfield>
    <subfield code="4">0</subfield>
    <subfield code="7">0</subfield>
    <subfield code="a">BCEJYS</subfield>
    <subfield code="b">BCEJYS</subfield>
    <subfield code="c">13</subfield>
    <subfield code="d">2000-03-21</subfield>
    <subfield code="h">Vol. 22, N&#xBA; 3 - mar. 2000</subfield>
    <subfield code="l">0</subfield>
    <subfield code="o">H330 KEY v22.n3</subfield>
    <subfield code="p">R21419</subfield>
    <subfield code="r">2026-04-10 16:08:27</subfield>
    <subfield code="w">2026-04-10</subfield>
    <subfield code="y">RN</subfield>
  </datafield>
  <datafield tag="952" ind1=" " ind2=" ">
    <subfield code="0">0</subfield>
    <subfield code="1">0</subfield>
    <subfield code="4">0</subfield>
    <subfield code="7">0</subfield>
    <subfield code="a">BCEJYS</subfield>
    <subfield code="b">BCEJYS</subfield>
    <subfield code="c">13</subfield>
    <subfield code="d">1999-12-21</subfield>
    <subfield code="h">Vol. 22, N&#xBA; 2 - dic.1999/mar.2000</subfield>
    <subfield code="l">0</subfield>
    <subfield code="o">H330 KEY v22.n2</subfield>
    <subfield code="p">R21446</subfield>
    <subfield code="r">2026-04-10 16:08:27</subfield>
    <subfield code="w">2026-04-10</subfield>
    <subfield code="y">RN</subfield>
  </datafield>
  <datafield tag="952" ind1=" " ind2=" ">
    <subfield code="0">0</subfield>
    <subfield code="1">0</subfield>
    <subfield code="4">0</subfield>
    <subfield code="7">0</subfield>
    <subfield code="a">BCEJYS</subfield>
    <subfield code="b">BCEJYS</subfield>
    <subfield code="c">13</subfield>
    <subfield code="d">1999-09-21</subfield>
    <subfield code="h">Vol. 22, N&#xBA; 1 - sep. 1999</subfield>
    <subfield code="l">0</subfield>
    <subfield code="o">H330 KEY v22.n1</subfield>
    <subfield code="p">R21445</subfield>
    <subfield code="r">2026-04-10 16:08:27</subfield>
    <subfield code="w">2026-04-10</subfield>
    <subfield code="y">RN</subfield>
  </datafield>
  <datafield tag="952" ind1=" " ind2=" ">
    <subfield code="0">0</subfield>
    <subfield code="1">0</subfield>
    <subfield code="4">0</subfield>
    <subfield code="7">0</subfield>
    <subfield code="a">BCEJYS</subfield>
    <subfield code="b">BCEJYS</subfield>
    <subfield code="c">13</subfield>
    <subfield code="d">1998-12-21</subfield>
    <subfield code="h">Vol. 21, N&#xBA; 2 - dic.1998/mar.1999</subfield>
    <subfield code="l">0</subfield>
    <subfield code="o">H330 KEY v21.n2</subfield>
    <subfield code="p">R21418</subfield>
    <subfield code="r">2026-04-10 16:08:27</subfield>
    <subfield code="w">2026-04-10</subfield>
    <subfield code="y">RN</subfield>
  </datafield>
  <datafield tag="952" ind1=" " ind2=" ">
    <subfield code="0">0</subfield>
    <subfield code="1">0</subfield>
    <subfield code="4">0</subfield>
    <subfield code="7">0</subfield>
    <subfield code="a">BCEJYS</subfield>
    <subfield code="b">BCEJYS</subfield>
    <subfield code="c">13</subfield>
    <subfield code="d">1998-06-21</subfield>
    <subfield code="h">Vol. 20, N&#xBA; 4 - jun. 1998</subfield>
    <subfield code="l">0</subfield>
    <subfield code="o">H330 KEY v20.n4</subfield>
    <subfield code="p">R21444</subfield>
    <subfield code="r">2026-04-10 16:08:27</subfield>
    <subfield code="w">2026-04-10</subfield>
    <subfield code="y">RN</subfield>
  </datafield>
  <datafield tag="952" ind1=" " ind2=" ">
    <subfield code="0">0</subfield>
    <subfield code="1">0</subfield>
    <subfield code="4">0</subfield>
    <subfield code="7">0</subfield>
    <subfield code="a">BCEJYS</subfield>
    <subfield code="b">BCEJYS</subfield>
    <subfield code="c">13</subfield>
    <subfield code="d">1998-03-01</subfield>
    <subfield code="h">Vol. 20, N&#xBA; 3 - mar. 1998</subfield>
    <subfield code="l">0</subfield>
    <subfield code="o">H330 KEY v20.n3</subfield>
    <subfield code="p">R21417</subfield>
    <subfield code="r">2026-04-10 16:08:27</subfield>
    <subfield code="w">2026-04-10</subfield>
    <subfield code="y">RN</subfield>
  </datafield>
  <datafield tag="952" ind1=" " ind2=" ">
    <subfield code="0">0</subfield>
    <subfield code="1">0</subfield>
    <subfield code="4">0</subfield>
    <subfield code="7">0</subfield>
    <subfield code="a">BCEJYS</subfield>
    <subfield code="b">BCEJYS</subfield>
    <subfield code="c">13</subfield>
    <subfield code="d">1997-12-21</subfield>
    <subfield code="h">Vol. 20, N&#xBA; 2 - dic.1997/mar.1998</subfield>
    <subfield code="l">0</subfield>
    <subfield code="o">H330 KEY v20.n2</subfield>
    <subfield code="p">R21443</subfield>
    <subfield code="r">2026-04-10 16:08:27</subfield>
    <subfield code="w">2026-04-10</subfield>
    <subfield code="y">RN</subfield>
  </datafield>
  <datafield tag="952" ind1=" " ind2=" ">
    <subfield code="0">0</subfield>
    <subfield code="1">0</subfield>
    <subfield code="4">0</subfield>
    <subfield code="7">0</subfield>
    <subfield code="a">BCEJYS</subfield>
    <subfield code="b">BCEJYS</subfield>
    <subfield code="c">13</subfield>
    <subfield code="d">1997-09-21</subfield>
    <subfield code="h">Vol. 20, N&#xBA; 1 - sep. 1997</subfield>
    <subfield code="l">0</subfield>
    <subfield code="o">H330 KEY v20.n1</subfield>
    <subfield code="p">R21416</subfield>
    <subfield code="r">2026-04-10 16:08:27</subfield>
    <subfield code="w">2026-04-10</subfield>
    <subfield code="y">RN</subfield>
  </datafield>
  <datafield tag="952" ind1=" " ind2=" ">
    <subfield code="0">0</subfield>
    <subfield code="1">0</subfield>
    <subfield code="4">0</subfield>
    <subfield code="7">0</subfield>
    <subfield code="a">BCEJYS</subfield>
    <subfield code="b">BCEJYS</subfield>
    <subfield code="c">13</subfield>
    <subfield code="d">1997-06-21</subfield>
    <subfield code="h">Vol. 19, N&#xBA; 4 - jun. 1997</subfield>
    <subfield code="l">0</subfield>
    <subfield code="o">H330 KEY v19.n4</subfield>
    <subfield code="p">R21442</subfield>
    <subfield code="r">2026-04-10 16:08:27</subfield>
    <subfield code="w">2026-04-10</subfield>
    <subfield code="y">RN</subfield>
  </datafield>
  <datafield tag="952" ind1=" " ind2=" ">
    <subfield code="0">0</subfield>
    <subfield code="1">0</subfield>
    <subfield code="4">0</subfield>
    <subfield code="7">0</subfield>
    <subfield code="a">BCEJYS</subfield>
    <subfield code="b">BCEJYS</subfield>
    <subfield code="c">13</subfield>
    <subfield code="d">1997-03-01</subfield>
    <subfield code="h">Vol. 19, N&#xBA; 3 - mar. 1997</subfield>
    <subfield code="l">0</subfield>
    <subfield code="o">H330 KEY v19.n3</subfield>
    <subfield code="p">R21415</subfield>
    <subfield code="r">2026-04-10 16:08:27</subfield>
    <subfield code="w">2026-04-10</subfield>
    <subfield code="y">RN</subfield>
  </datafield>
  <datafield tag="952" ind1=" " ind2=" ">
    <subfield code="0">0</subfield>
    <subfield code="1">0</subfield>
    <subfield code="4">0</subfield>
    <subfield code="7">0</subfield>
    <subfield code="a">BCEJYS</subfield>
    <subfield code="b">BCEJYS</subfield>
    <subfield code="c">13</subfield>
    <subfield code="d">1996-12-21</subfield>
    <subfield code="h">Vol. 19, N&#xBA; 2 - dic. 1996/mar. 1997</subfield>
    <subfield code="l">0</subfield>
    <subfield code="o">H330 KEY v19.n2</subfield>
    <subfield code="p">R20917</subfield>
    <subfield code="r">2026-04-10 16:08:27</subfield>
    <subfield code="w">2026-04-10</subfield>
    <subfield code="y">RN</subfield>
  </datafield>
  <datafield tag="952" ind1=" " ind2=" ">
    <subfield code="0">0</subfield>
    <subfield code="1">0</subfield>
    <subfield code="4">0</subfield>
    <subfield code="7">0</subfield>
    <subfield code="a">BCEJYS</subfield>
    <subfield code="b">BCEJYS</subfield>
    <subfield code="c">13</subfield>
    <subfield code="d">1996-09-21</subfield>
    <subfield code="h">Vol. 19, N&#xBA; 1 - sep. 1996</subfield>
    <subfield code="l">0</subfield>
    <subfield code="o">H330 KEY v19.n1</subfield>
    <subfield code="p">R20916</subfield>
    <subfield code="r">2026-04-10 16:08:27</subfield>
    <subfield code="w">2026-04-10</subfield>
    <subfield code="y">RN</subfield>
  </datafield>
  <datafield tag="952" ind1=" " ind2=" ">
    <subfield code="0">0</subfield>
    <subfield code="1">0</subfield>
    <subfield code="4">0</subfield>
    <subfield code="7">0</subfield>
    <subfield code="a">BCEJYS</subfield>
    <subfield code="b">BCEJYS</subfield>
    <subfield code="c">13</subfield>
    <subfield code="d">1996-06-21</subfield>
    <subfield code="h">Vol. 18, N&#xBA; 4 - jun. 1996</subfield>
    <subfield code="l">0</subfield>
    <subfield code="o">H330 KEY v18.n4</subfield>
    <subfield code="p">R21441</subfield>
    <subfield code="r">2026-04-10 16:08:27</subfield>
    <subfield code="w">2026-04-10</subfield>
    <subfield code="y">RN</subfield>
  </datafield>
  <datafield tag="952" ind1=" " ind2=" ">
    <subfield code="0">0</subfield>
    <subfield code="1">0</subfield>
    <subfield code="4">0</subfield>
    <subfield code="7">0</subfield>
    <subfield code="a">BCEJYS</subfield>
    <subfield code="b">BCEJYS</subfield>
    <subfield code="c">13</subfield>
    <subfield code="d">1996-03-21</subfield>
    <subfield code="h">Vol. 18, N&#xBA; 3 - mar. 1996</subfield>
    <subfield code="l">0</subfield>
    <subfield code="o">H330 KEY v18.n3</subfield>
    <subfield code="p">R21414</subfield>
    <subfield code="r">2026-04-10 16:08:27</subfield>
    <subfield code="w">2026-04-10</subfield>
    <subfield code="y">RN</subfield>
  </datafield>
  <datafield tag="952" ind1=" " ind2=" ">
    <subfield code="0">0</subfield>
    <subfield code="1">0</subfield>
    <subfield code="4">0</subfield>
    <subfield code="7">0</subfield>
    <subfield code="a">BCEJYS</subfield>
    <subfield code="b">BCEJYS</subfield>
    <subfield code="c">13</subfield>
    <subfield code="d">1995-12-21</subfield>
    <subfield code="h">Vol. 18, N&#xBA; 2 - dic.1995/mar.1996</subfield>
    <subfield code="l">0</subfield>
    <subfield code="o">H330 KEY v18.n2</subfield>
    <subfield code="p">R21440</subfield>
    <subfield code="r">2026-04-10 16:08:27</subfield>
    <subfield code="w">2026-04-10</subfield>
    <subfield code="y">RN</subfield>
  </datafield>
  <datafield tag="952" ind1=" " ind2=" ">
    <subfield code="0">0</subfield>
    <subfield code="1">0</subfield>
    <subfield code="4">0</subfield>
    <subfield code="7">0</subfield>
    <subfield code="a">BCEJYS</subfield>
    <subfield code="b">BCEJYS</subfield>
    <subfield code="c">13</subfield>
    <subfield code="d">1995-09-21</subfield>
    <subfield code="h">Vol. 18, N&#xBA; 1 - sep. 1995</subfield>
    <subfield code="l">0</subfield>
    <subfield code="o">H330 KEY v18.n1</subfield>
    <subfield code="p">R21413</subfield>
    <subfield code="r">2026-04-10 16:08:27</subfield>
    <subfield code="w">2026-04-10</subfield>
    <subfield code="y">RN</subfield>
  </datafield>
  <datafield tag="952" ind1=" " ind2=" ">
    <subfield code="0">0</subfield>
    <subfield code="1">0</subfield>
    <subfield code="4">0</subfield>
    <subfield code="7">0</subfield>
    <subfield code="a">BCEJYS</subfield>
    <subfield code="b">BCEJYS</subfield>
    <subfield code="c">13</subfield>
    <subfield code="d">1995-06-21</subfield>
    <subfield code="h">Vol. 17, N&#xBA; 4 - jun. 1995</subfield>
    <subfield code="l">0</subfield>
    <subfield code="o">H330 KEY v17.n4</subfield>
    <subfield code="p">R21439</subfield>
    <subfield code="r">2026-04-10 16:08:27</subfield>
    <subfield code="w">2026-04-10</subfield>
    <subfield code="y">RN</subfield>
  </datafield>
  <datafield tag="952" ind1=" " ind2=" ">
    <subfield code="0">0</subfield>
    <subfield code="1">0</subfield>
    <subfield code="4">0</subfield>
    <subfield code="7">0</subfield>
    <subfield code="a">BCEJYS</subfield>
    <subfield code="b">BCEJYS</subfield>
    <subfield code="c">13</subfield>
    <subfield code="d">1995-03-21</subfield>
    <subfield code="h">Vol. 17, N&#xBA; 3 - mar. 1995</subfield>
    <subfield code="l">0</subfield>
    <subfield code="o">H330 KEY v17.n3</subfield>
    <subfield code="p">R21438</subfield>
    <subfield code="r">2026-04-10 16:08:27</subfield>
    <subfield code="w">2026-04-10</subfield>
    <subfield code="y">RN</subfield>
  </datafield>
  <datafield tag="952" ind1=" " ind2=" ">
    <subfield code="0">0</subfield>
    <subfield code="1">0</subfield>
    <subfield code="4">0</subfield>
    <subfield code="7">0</subfield>
    <subfield code="a">BCEJYS</subfield>
    <subfield code="b">BCEJYS</subfield>
    <subfield code="c">13</subfield>
    <subfield code="d">1994-12-21</subfield>
    <subfield code="h">Vol. 17, N&#xBA; 2 - dic.1994/mar.1995</subfield>
    <subfield code="l">0</subfield>
    <subfield code="o">H330 KEY v17.n2</subfield>
    <subfield code="p">R21412</subfield>
    <subfield code="r">2026-04-10 16:08:27</subfield>
    <subfield code="w">2026-04-10</subfield>
    <subfield code="y">RN</subfield>
  </datafield>
  <datafield tag="952" ind1=" " ind2=" ">
    <subfield code="0">0</subfield>
    <subfield code="1">0</subfield>
    <subfield code="4">0</subfield>
    <subfield code="7">0</subfield>
    <subfield code="a">BCEJYS</subfield>
    <subfield code="b">BCEJYS</subfield>
    <subfield code="c">13</subfield>
    <subfield code="d">1994-09-21</subfield>
    <subfield code="h">Vol. 17, N&#xBA; 1 - sep. 1994</subfield>
    <subfield code="l">0</subfield>
    <subfield code="o">H330 KEY v17.n1</subfield>
    <subfield code="p">R21411</subfield>
    <subfield code="r">2026-04-10 16:08:27</subfield>
    <subfield code="w">2026-04-10</subfield>
    <subfield code="y">RN</subfield>
  </datafield>
  <datafield tag="952" ind1=" " ind2=" ">
    <subfield code="0">0</subfield>
    <subfield code="1">0</subfield>
    <subfield code="4">0</subfield>
    <subfield code="7">0</subfield>
    <subfield code="a">BCEJYS</subfield>
    <subfield code="b">BCEJYS</subfield>
    <subfield code="c">13</subfield>
    <subfield code="d">1993-12-21</subfield>
    <subfield code="h">Vol. 16, N&#xBA; 2 - dic.1993/mar.1994</subfield>
    <subfield code="l">0</subfield>
    <subfield code="o">H330 KEY v16.n2</subfield>
    <subfield code="p">R21428</subfield>
    <subfield code="r">2026-04-10 16:08:27</subfield>
    <subfield code="w">2026-04-10</subfield>
    <subfield code="y">RN</subfield>
  </datafield>
  <datafield tag="952" ind1=" " ind2=" ">
    <subfield code="0">0</subfield>
    <subfield code="1">0</subfield>
    <subfield code="4">0</subfield>
    <subfield code="7">0</subfield>
    <subfield code="a">BCEJYS</subfield>
    <subfield code="b">BCEJYS</subfield>
    <subfield code="c">13</subfield>
    <subfield code="d">1993-09-21</subfield>
    <subfield code="h">Vol. 16, N&#xBA; 1 - sep. 1993</subfield>
    <subfield code="l">0</subfield>
    <subfield code="o">H330 KEY v16.n1</subfield>
    <subfield code="p">R21410</subfield>
    <subfield code="r">2026-04-10 16:08:27</subfield>
    <subfield code="w">2026-04-10</subfield>
    <subfield code="y">RN</subfield>
  </datafield>
  <datafield tag="952" ind1=" " ind2=" ">
    <subfield code="0">0</subfield>
    <subfield code="1">0</subfield>
    <subfield code="4">0</subfield>
    <subfield code="7">0</subfield>
    <subfield code="a">BCEJYS</subfield>
    <subfield code="b">BCEJYS</subfield>
    <subfield code="c">13</subfield>
    <subfield code="d">1993-06-21</subfield>
    <subfield code="h">Vol. 15, N&#xBA; 4 - jun. 1993</subfield>
    <subfield code="l">0</subfield>
    <subfield code="o">H330 KEY v15.n4</subfield>
    <subfield code="p">R21427</subfield>
    <subfield code="r">2026-04-10 16:08:27</subfield>
    <subfield code="w">2026-04-10</subfield>
    <subfield code="y">RN</subfield>
  </datafield>
  <datafield tag="952" ind1=" " ind2=" ">
    <subfield code="0">0</subfield>
    <subfield code="1">0</subfield>
    <subfield code="4">0</subfield>
    <subfield code="7">0</subfield>
    <subfield code="a">BCEJYS</subfield>
    <subfield code="b">BCEJYS</subfield>
    <subfield code="c">13</subfield>
    <subfield code="d">1993-03-21</subfield>
    <subfield code="h">Vol. 15, N&#xBA; 3 - mar. 1993</subfield>
    <subfield code="l">0</subfield>
    <subfield code="o">H330 KEY v15.n3</subfield>
    <subfield code="p">R21426</subfield>
    <subfield code="r">2026-04-10 16:08:27</subfield>
    <subfield code="w">2026-04-10</subfield>
    <subfield code="y">RN</subfield>
  </datafield>
  <datafield tag="952" ind1=" " ind2=" ">
    <subfield code="0">0</subfield>
    <subfield code="1">0</subfield>
    <subfield code="4">0</subfield>
    <subfield code="7">0</subfield>
    <subfield code="a">BCEJYS</subfield>
    <subfield code="b">BCEJYS</subfield>
    <subfield code="c">13</subfield>
    <subfield code="d">1992-12-21</subfield>
    <subfield code="h">Vol. 15, N&#xBA; 2 - dic.1992/mar.1993</subfield>
    <subfield code="l">0</subfield>
    <subfield code="o">H330 KEY v15.n2</subfield>
    <subfield code="p">R21409</subfield>
    <subfield code="r">2026-04-10 16:08:27</subfield>
    <subfield code="w">2026-04-10</subfield>
    <subfield code="y">RN</subfield>
  </datafield>
  <datafield tag="952" ind1=" " ind2=" ">
    <subfield code="0">0</subfield>
    <subfield code="1">0</subfield>
    <subfield code="4">0</subfield>
    <subfield code="7">0</subfield>
    <subfield code="a">BCEJYS</subfield>
    <subfield code="b">BCEJYS</subfield>
    <subfield code="c">13</subfield>
    <subfield code="d">1992-09-21</subfield>
    <subfield code="h">Vol. 15, N&#xBA; 1 - sep. 1992</subfield>
    <subfield code="l">0</subfield>
    <subfield code="o">H330 KEY v15.n1</subfield>
    <subfield code="p">R21425</subfield>
    <subfield code="r">2026-04-10 16:08:27</subfield>
    <subfield code="w">2026-04-10</subfield>
    <subfield code="y">RN</subfield>
  </datafield>
  <datafield tag="952" ind1=" " ind2=" ">
    <subfield code="0">0</subfield>
    <subfield code="1">0</subfield>
    <subfield code="4">0</subfield>
    <subfield code="7">0</subfield>
    <subfield code="a">BCEJYS</subfield>
    <subfield code="b">BCEJYS</subfield>
    <subfield code="c">13</subfield>
    <subfield code="d">1992-06-21</subfield>
    <subfield code="h">Vol. 14, N&#xBA; 4 - jun. 1992</subfield>
    <subfield code="l">0</subfield>
    <subfield code="o">H330 KEY v14.n4</subfield>
    <subfield code="p">R21408</subfield>
    <subfield code="r">2026-04-10 16:08:27</subfield>
    <subfield code="w">2026-04-10</subfield>
    <subfield code="y">RN</subfield>
  </datafield>
  <datafield tag="952" ind1=" " ind2=" ">
    <subfield code="0">0</subfield>
    <subfield code="1">0</subfield>
    <subfield code="4">0</subfield>
    <subfield code="7">0</subfield>
    <subfield code="a">BCEJYS</subfield>
    <subfield code="b">BCEJYS</subfield>
    <subfield code="c">13</subfield>
    <subfield code="d">1992-03-21</subfield>
    <subfield code="h">Vol. 14, N&#xBA; 3 - mar. 1992</subfield>
    <subfield code="l">0</subfield>
    <subfield code="o">H330 KEY v14.n3</subfield>
    <subfield code="p">R21420</subfield>
    <subfield code="r">2026-04-10 16:08:27</subfield>
    <subfield code="w">2026-04-10</subfield>
    <subfield code="y">RN</subfield>
  </datafield>
  <datafield tag="952" ind1=" " ind2=" ">
    <subfield code="0">0</subfield>
    <subfield code="1">0</subfield>
    <subfield code="4">0</subfield>
    <subfield code="7">0</subfield>
    <subfield code="a">BCEJYS</subfield>
    <subfield code="b">BCEJYS</subfield>
    <subfield code="c">17</subfield>
    <subfield code="d">1988-12-21</subfield>
    <subfield code="h">Vol. 11, N&#xBA; 2 - dic. 1988</subfield>
    <subfield code="l">0</subfield>
    <subfield code="o">H330 KEY v11.n2</subfield>
    <subfield code="p">R12574</subfield>
    <subfield code="r">2026-04-10 16:08:27</subfield>
    <subfield code="w">2026-04-10</subfield>
    <subfield code="y">RN</subfield>
  </datafield>
  <datafield tag="952" ind1=" " ind2=" ">
    <subfield code="0">0</subfield>
    <subfield code="1">0</subfield>
    <subfield code="4">0</subfield>
    <subfield code="7">0</subfield>
    <subfield code="a">BCEJYS</subfield>
    <subfield code="b">BCEJYS</subfield>
    <subfield code="c">17</subfield>
    <subfield code="d">1988-03-21</subfield>
    <subfield code="h">Vol. 10, N&#xBA; 3 - mar. 1988</subfield>
    <subfield code="l">0</subfield>
    <subfield code="o">H330 KEY v10.n3</subfield>
    <subfield code="p">R12545</subfield>
    <subfield code="r">2026-04-10 16:08:27</subfield>
    <subfield code="w">2026-04-10</subfield>
    <subfield code="y">RN</subfield>
  </datafield>
</record>
